[Event "AUS-ch Minor"]
[Site "Cammeray"]
[Date "2013.01.13"]
[Round "11"]
[White "Singleton, Tim"]
[Black "Baker, John A"]
[Result "1-0"]
[WhiteElo "1304"]
[BlackElo "1181"]
[PlyCount "53"]
[EventDate "2013.01.02"]
[EventType "swiss"]
[EventRounds "11"]
[EventCountry "AUS"]
[SourceTitle "EXT 2022"]
[Source "ChessBase"]
[SourceDate "2021.10.06"]
[SourceVersion "1"]
[SourceVersionDate "2021.10.06"]
[SourceQuality "1"]

1. c4 c5 2. Nc3 e6 3. g3 d5 4. cxd5 exd5 5. Bg2 Nf6 6. e3 Nc6 7. Nf3 Be6 8. d4 Rb8 9. 0-0 a6 10. a4 c4 11. Ne5 Qc7 12. Nxc6 Qxc6 13. Qc2 Be7 14. e4 Rd8 15. e5 Ng4 16. h3 Nh6 17. Be3 Nf5 18. Qe2 Kd7 19. Qf3 Kc7 20. Rfc1 Rhf8 21. b3 Kb8 22. bxc4 dxc4 23. Qxc6 Rd7 24. Qf3 Nxe3 25. fxe3 Bb4 26. Rab1 a5 27. d5 1-0

[Event "AUS-ch Minor"]
[Site "Cammeray"]
[Date "2013.01.07"]
[Round "6"]
[White "Accola, Tom"]
[Black "Singleton, Tim"]
[Result "0-1"]
[WhiteElo "1009"]
[BlackElo "1304"]
[PlyCount "98"]
[EventDate "2013.01.02"]
[EventType "swiss"]
[EventRounds "11"]
[EventCountry "AUS"]
[SourceTitle "EXT 2022"]
[Source "ChessBase"]
[SourceDate "2021.10.06"]
[SourceVersion "1"]
[SourceVersionDate "2021.10.06"]
[SourceQuality "1"]

1. d4 Nf6 2. Nf3 b6 3. e3 Bb7 4. Bd3 e6 5. Nbd2 Bb4 6. c3 Bd6 7. 0-0 a6 8. Qe2 Nc6 9. a3 0-0 10. e4 Be7 11. e5 Nd5 12. Qe4 g6 13. Qg4 f5 14. exf6 Nxf6 15. Qg3 Nh5 16. Qg4 Rf4 17. Qh3 Rf7 18. Ne4 Nf4 19. Bxf4 Rxf4 20. Qh6 Rf5 21. Ng3 Bg5 22. Nxg5 Rxg5 23. f4 Rg4 24. f5 exf5 25. Bxf5 gxf5 26. Rxf5 Rg6 27. Qe3 Qe7 28. Qd3 Re8 29. Raf1 d5 30. Rf7 Qg5 31. Qf3 Qd8 32. Qh5 Rg7 33. Qh6 Rxf7 34. Rxf7 Kxf7 35. Nf5 Rh8 36. Qg7+ Ke6 37. Ng3 Qf6 38. Qg4+ Ke7 39. Qe2+ Qe6 40. Qh5 Qe1+ 41. Nf1 Rf8 42. Qxh7+ Rf7 43. Qd3 Qxf1+ 44. Qxf1 Rxf1+ 45. Kxf1 Kf6 46. h4 Kf5 47. Kf2 Kg4 48. g3 Ne7 49. b3 Nf5 0-1

[Event "AUS-ch Minor"]
[Site "Cammeray"]
[Date "2013.01.06"]
[Round "5"]
[White "Singleton, Tim"]
[Black "Pearce, Tim"]
[Result "0-1"]
[WhiteElo "1304"]
[BlackElo "1365"]
[PlyCount "76"]
[EventDate "2013.01.02"]
[EventType "swiss"]
[EventRounds "11"]
[EventCountry "AUS"]
[SourceTitle "EXT 2022"]
[Source "ChessBase"]
[SourceDate "2021.10.06"]
[SourceVersion "1"]
[SourceVersionDate "2021.10.06"]
[SourceQuality "1"]

1. c4 c6 2. Nc3 Nf6 3. g3 d5 4. cxd5 cxd5 5. Bg2 e6 6. e3 a6 7. Nge2 Nc6 8. a3 e5 9. 0-0 Be6 10. b4 Bd6 11. b5 Ne7 12. a4 0-0 13. Ba3 Bxa3 14. Rxa3 Qd6 15. Ra1 Nd7 16. d4 e4 17. Qb3 Nb6 18. Nf4 Bf5 19. Bh3 Bxh3 20. Nxh3 Nc4 21. Qc2 Rac8 22. Qe2 h6 23. Nf4 g5 24. Ng2 Ng6 25. Qh5 Kg7 26. h4 Nd2 27. Ne2 Nf3+ 28. Kh1 gxh4 29. Ngf4 hxg3 30. fxg3 Rc2 31. Rf2 Nxf4 32. gxf4 Kh8 33. Rg2 Rg8 34. Rxg8+ Kxg8 35. Rc1 Rxe2 36. Rc8+ Kg7 37. Qg4+ Qg6 38. Qxg6+ Kxg6 0-1